| 000 | 00802nam a2200241Ia 4500 | ||
|---|---|---|---|
| 008 | 191130s1996##################000#0#eng## | ||
| 020 | _a9780896033177 | ||
| 022 | _a95039511 | ||
| 040 |
_aACL _cACL |
||
| 082 | _a616.212 GER | ||
| 245 |
_aDiseases of the sinuses : a comprehensive textbook of diagnosis and treatment _cedited by M. Eric Gershwin and Gary A. Incaudo |
||
| 260 |
_aTotowa, NJ _bHumana Press _c1996 |
||
| 300 | _axii, 589 p. : ill. (some col.) ; 29 cm | ||
| 500 | _aIncludes bibliographical references and index | ||
| 650 | _aParanasal sinuses - Diseases | ||
| 650 | _aSinusitis - diagnosis | ||
| 650 | _aSinusitis - surgery | ||
| 700 | _aGershwin, M. Eric | ||
| 700 | _aIncaudo, Gary | ||
| 990 | _a4cb51099ac10000c10e2d9465679b116 | ||
| 991 | _a165188 | ||
| 999 |
_c151345 _d151345 |
||